Laicos consagrados y cooperadores en la Familia Paulina (Record n. 104232)

Dettagli MARC
000 -LEADER
fixed length control field 01779nam a22001697a 4500
003 - CONTROL NUMBER IDENTIFIER
control field IT-RoPau
005 - DATE AND TIME OF LATEST TRANSACTION
control field 20220918181219.0
008 - FIXED-LENGTH DATA ELEMENTS--GENERAL INFORMATION
fixed length control field 140226b xxu||||| |||| 00| 0 eng d
040 ## - CATALOGING SOURCE
Transcribing agency IT-RoPau
100 ## - MAIN ENTRY--PERSONAL NAME
Personal name Governo Generale della FP
9 (RLIN) 14892
245 ## - TITLE STATEMENT
Title Laicos consagrados y cooperadores en la Familia Paulina
Remainder of title Sintesis de Actas Y Documentos de los encuentros VI-VIII (1988-90) de los Gobiernos generales de la Familia Paulina
260 ## - PUBLICATION, DISTRIBUTION, ETC. (IMPRINT)
Place of publication, distribution, etc. Roma
Name of publisher, distributor, etc. Casa General SSP
Date of publication, distribution, etc. 1990
300 ## - PHYSICAL DESCRIPTION
Extent 52 pp.
Dimensions 21 cm
490 ## - SERIES STATEMENT
Series statement Ediciones del Archivo Histórico General de la Familia Paulina
520 ## - SUMMARY, ETC.
Summary, etc. Indice<br/><br/>VIIII Encuentro de los Gobiernos generales de la Familia Paulina<br/><br/>I etapa<br/>Retiro espiritual animado por Mons. Pietro Rossano<br/>1. Qué significa cooperar o colaborar con el Evangelio<br/>2. Cómo comunica san Pablo el Evangelio<br/>3. Quién está llamado a difundir el Evangelio<br/>4. Colaboradores de san Pablo<br/>Homilía en la Misa<br/><br/>II etapa<br/>A. Síntesis de los Encuentros Vi y VII<br/>I. Síntesis de las relaciones del VI Encuentro (1988)<br/>a. El aspecto de la actualidad eclesial<br/>b. La figura jurídico-teológica del laico<br/>c. El laico en la Iglesia y en la sociedad<br/>II. Síntesis de las relaciones del VII Encuentro (1989)<br/>d. La veta histórico-paulina: los protagonistas testimonian<br/>e. La praxis congregacional en la relación con los laicos<br/>f. Pensamiento y praxis del P. Alberione<br/>g. Laicos e Intitutos religiosos<br/>h. Institutos laicales, Cooperadores y colaboradores<br/>i. Documento-mensaje del VIII Encuentro de los Gobiernos generales de la Familia Paulina (1989)<br/>B. Presentación del dossier "Laicos y Familia Paulina" (1990)<br/><br/>III. etapa<br/>Trabajos de grupo y en Asamblea<br/>Documento final - mensaje del VIII Encuentro de los Gobiernos generalies de la Familia Paulina
942 ## - ADDED ENTRY ELEMENTS (KOHA)
Source of classification or shelving scheme Dewey Decimal Classification
Koha item type LIBRO
Dati di copia
Withdrawn status Lost status Source of classification or shelving scheme Damaged status Not for loan Home library Current library Date acquired Total Checkouts Full call number Date last seen Price effective from Koha item type
    Dewey Decimal Classification Buone Condizioni Not For Loan PAULUS-BIBLIOTECA PAULUS-BIBLIOTECA 26/02/2014   P C2 26/02/2014 26/02/2014 LIBRO
CREDITS: SOCIETA' SAN PAOLO Via A.Severo, 58 - ROMA (RM) & PERIODICI SAN PAOLO SRL Via Giotto, 36 MILANO & CISF Via Giotto, 36 MILANO & EDIZIONI SAN PAOLO SRL,  Piazza Soncino, 5 CINISELLO BALSAMO (MI) -- ITALY